00362pab a2200133 454500008004000000100001800040245004700058260000900105300001300114362001400127650002400141650002900165773003400194180718b1997 xxu||||| |||| 00| 0 eng d aValluri, S.R. aIndustrial research and scientific workers c1997 ap.392-95 a22-28 Feb aIndustrial research aResearch and development aEconomic and Political Weekly